000
00294nam a2200157Ia 4500
100
_a
Wall/Larry
250
_a
3
942
_c
BK
654
_a
perl
245
_a
Programming Perl
260
_b
Oreilly
_c
2000
082
_a
5.133
_b
WAL
300
_a
1067
546
_a
ENGLISH
999
_c
26919
_d
26919